00614nam a2200217Ia 4500003000900000008004100009040001300050040001300063041000800076100001700084245003000101250001000131260002100141260000900162300000800171490000900179490000600188942000700194999001300201952018200214IT-RoPAU120407s9999 xx 000 0 und d aIT-RoPAU cIT-RoPAU aita aHenri Rondet aI Dogmi possono cambiare? aRoma  aEdizioni Paoline c1961 c cm aEcuo v5 cBK c169d169 00102ddc406208_21500000000000071aPAULUSbPAULUSd2012-04-11l0o208.215r2012-04-11 00:00:00w2012-04-11yBKzInserito da: In data: n.d. fondo: Via A.Severo 56 Progr:10825